00343nam a2200109Ia 4500008004000000082001300040100001600053245007500069260004000144300000800184650004100192210210b1987 xxu||||| |||| 00| 0 eng d a082 MAUS aMAURUS (J). aSource book of inspiration quotations, anecdotes, humour and proberbs. aBombaybBetter yourself booksc1987 a417 aQuotations Anecdotes Humour Proverbs